[Event "Civil Service Minor op"]
[Site "London"]
[Date "2005.11.05"]
[Round "3"]
[White "Lawrence, Roy"]
[Black "Duncan, Anthony M"]
[Result "1-0"]
[WhiteElo "1384"]
[BlackElo "1440"]
[PlyCount "89"]
[EventDate "2005.11.05"]
[EventType "swiss"]
[EventRounds "5"]
[EventCountry "ENG"]
[SourceTitle "EXT 2007"]
[Source "ChessBase"]
[SourceDate "2006.11.23"]
[SourceVersion "1"]
[SourceVersionDate "2006.11.23"]
[SourceQuality "1"]

1. d4 Nf6 2. Nf3 d5 3. g3 c6 4. Bg2 e6 5. 0-0 Bd6 6. Bg5 Nbd7 7. Nbd2 Qc7 8. c4 0-0 9. Rc1 h6 10. Bxf6 Nxf6 11. c5 Be7 12. Ne5 Nd7 13. Ndf3 Bf6 14. Ng4 Be7 15. Nfe5 h5 16. Nxd7 Bxd7 17. Ne5 Be8 18. Bh3 g5 19. e4 f5 20. exd5 exd5 21. Qc2 g4 22. Bg2 Bg5 23. Rce1 Qh7 24. f4 Bf6 25. h4 Bg6 26. b4 Rfe8 27. b5 Bxe5 28. dxe5 Re6 29. Qb3 Qd7 30. Rb1 Re7 31. Rfd1 Bf7 32. Qd3 Be6 33. a4 Rd8 34. Qd4 Kf7 35. Bf1 Rc8 36. b6 axb6 37. Rxb6 Ra8 38. Rdb1 Ra7 39. R1b4 Qc8 40. Bd3 Qa8 41. Bc2 Ra5 42. Qb2 Rxc5 43. Rxb7 Qf8 44. Rxe7+ Qxe7 45. Rb7 1-0